000 00702nam a2200217 a 4500
005 20230316063553.0
008 031023s1992 mx r 000 0 spa d
020 _a968163909X
035 _aUPN01000130348
049 _aI
050 4 _aPZ76.3
_bB7.7
100 1 _aBrowne, Anthony Edward Tudor,
_d1946-
_935823
245 1 0 _aWilly el campeón /
_cAnthony Browne ; tr. Carmen Esteva.
260 _aMéxico :
_bFCE,
_c1992.
300 _a[28] p. :
_bprincipalmente il. col.
440 4 _aLos especiales de A la orilla del viento
534 _pTraducción de:
_tWilly the champ
650 4 _aGORILAS -
_vCUENTOS Y LEYENDAS
_916755
650 4 _aCuentos infantiles ingleses
_910002
905 _aInfantil
999 _c102505
_d102505